Glaucoma; Vol.7

The book deals with a disease family that necessitates integrating all of these approaches. It encompasses and integrates the basic biology and pathobiology of the tissues and physiologic processes with the clinical manifestations, dignostic technologies, and therapeutic modalities relevant to this...

ver descrição completa

Na minha lista:
Detalhes bibliográficos
Autor principal: Paul L Kaufman
Formato: Livro
Idioma:Undetermined
Publicado em: London Mosby-Wolfe 1991
Assuntos:
Tags: Adicionar Tag
Sem tags, seja o primeiro a adicionar uma tag!
Thư viện lưu trữ: Trung tâm Học liệu Trường Đại học Cần Thơ
LEADER 00807nam a2200193Ia 4500
001 CTU_19169
008 210402s9999 xx 000 0 und d
082 |a 617.791 
082 |b G552/Vol.7 
100 |a Paul L Kaufman 
245 0 |a Glaucoma; Vol.7 
245 0 |c Paul L Kaufman, Thomas W Mittag 
260 |a London 
260 |b Mosby-Wolfe 
260 |c 1991 
520 |a The book deals with a disease family that necessitates integrating all of these approaches. It encompasses and integrates the basic biology and pathobiology of the tissues and physiologic processes with the clinical manifestations, dignostic technologies, and therapeutic modalities relevant to this disease family 
650 |a opthalmology 
904 |i Minh, 971010 
980 |a Trung tâm Học liệu Trường Đại học Cần Thơ